MARC

LEADER 00000nam0a2200000 4500
001 53095
005 20231031044324.0
035 |a (RuTPU)RU\TPU\book\55675 
090 |a 53095 
100 |a 20030611d1956 m y0rusy50 ca 
101 0 |a rus 
102 |a RU 
105 |a a j 001zy 
200 1 |a Краткий курс общей петрографии  |e учебное пособие  |f В. В. Зубков 
205 |a 2-е изд., перераб. и доп. 
210 |a Москва  |c Углетехиздат  |d 1956 
215 |a 256 с.  |c ил. 
320 |a Библиогр.: с. 246-249. 
610 1 |a петрография 
610 1 |a горные породы 
610 1 |a кристаллография 
610 1 |a кристаллооптика 
610 1 |a кристаллы 
610 1 |a изучение 
610 1 |a породообразующие минералы 
610 1 |a изверженные горные породы 
610 1 |a магматические горные породы 
610 1 |a осадочные породы 
610 1 |a ископаемый уголь 
610 1 |a метаморфические породы 
610 1 |a магма 
610 1 |a магматические породы 
610 1 |a экспериментальная петрография 
610 1 |a техническая петрография 
610 1 |a учебные пособия 
610 1 |a минералы 
610 1 |a химия 
610 1 |a кристаллохимия 
675 |a 552(075.8)  |v 3 
700 1 |a Зубков  |b В. В.  |g Василий Васильевич 
801 1 |a RU  |b 63413507  |c 20030611  |g PSBO 
801 2 |a RU  |b 63413507  |c 20190626  |g PSBO 
942 |c BK